000 00715nam a2200277Ia 4500
003 OSt
005 20221006143356.0
006 a|||||r|||| 00| 0
007 ta
008 221006b |||||||| |||| 00| 0 eng d
020 _c325.00
024 _a8,803
037 _cTextual
040 _aEASL
_cEASL
_beng
041 _2eng
_aeng
082 _aV42.N, M5
100 _aTEMPLE Richard
_9100785
245 0 _aProgres of India, Japan and China in the nineteenth century
260 _aDelhi
_bStandford University India
_c1985
300 _a510p.
_ccm.
490 _v JEL
650 _a CEL
650 _aJEL
942 _hV42.N, M5
_cTEXL
_2CC
999 _c1076889
_d1076889